LEADER 00426nam 2200169z- 450 001 9910773681003321 035 $a(WsH)locafzs 035 $a(CKB)5490000000493929 035 $a(EXLCZ)995490000000493929 100 $a20230719c1998uuuu -u- - 101 0 $aeng 200 10$aSlovakia: Human Cloning 517 $aSlovakia 906 $aBOOK 912 $a9910773681003321 996 $aSlovakia: Human Cloning$93666043 997 $aUNINA LEADER 01026nam2 22002411i 450 001 UON00112696 005 20231205102643.383 100 $a20020107d1902 |0itac50 ba 101 $ager$aLAT 102 $aDE 105 $a|||| ||||| 200 1 $aInscriptiones Argolidis$feditit Maximilianus Fraenkel 210 $a411 p.$a38 cm 461 1$1001UON00087400$12001 $aInscriptiones Graecae$fConsilio et Auctoritate Academiae Litterarum Regiae Borussicae Editae$1210 $aBerolini$capud Georgium Reimerum$d1873- $1215 $a v.$d38 cm$v4 620 $aDE$dBerlin$3UONL003157 702 1$aFRAENKEL$bMaximilianus$3UONV071340 712 $aDietrich *Reimer$3UONV258022$4650 801 $aIT$bSOL$c20240220$gRICA 899 $aSIBA - SISTEMA BIBLIOTECARIO DI ATENEO$2UONSI 912 $aUON00112696 950 $aSIBA - SISTEMA BIBLIOTECARIO DI ATENEO$dSI D I. G. 004 $eSI MC 24287 7 996 $aInscriptiones Argolidis$9287929 997 $aUNIOR